The sardar of India : (Record no. 130119)
[ view plain ]
| 000 -LEADER | |
|---|---|
| fixed length control field | 00806nam a22002537a 4500 |
| 003 - CONTROL NUMBER IDENTIFIER | |
| control field | dpl |
| 005 - DATE AND TIME OF LATEST TRANSACTION | |
| control field | 20180629163257.0 |
| 008 - FIXED-LENGTH DATA ELEMENTS--GENERAL INFORMATION | |
| fixed length control field | 0 |
| 010 ## - LIBRARY OF CONGRESS CONTROL NUMBER | |
| LC control number | A-728381 |
| 020 ## - INTERNATIONAL STANDARD BOOK NUMBER | |
| Terms of availability | 00.00 |
| International Standard Book Number | 8170234247 |
| 035 ## - SYSTEM CONTROL NUMBER | |
| System control number | A-728381, A-728385, A-728382 |
| 037 ## - SOURCE OF ACQUISITION | |
| Source of stock number/acquisition | Cen Lib/Ret |
| 040 ## - CATALOGING SOURCE | |
| Original cataloging agency | DPL |
| Language of cataloging | EN |
| Transcribing agency | 0 |
| 082 ## - DEWEY DECIMAL CLASSIFICATION NUMBER | |
| Classification number | 921 |
| Item number | CHO |
| 100 ## - MAIN ENTRY--PERSONAL NAME | |
| Personal name | Chopra, P.N. |
| 9 (RLIN) | 8566 |
| 245 ## - TITLE STATEMENT | |
| Title | The sardar of India : |
| Statement of responsibility, etc | by P.N. Chopra |
| Remainder of title | biography of Vallabhbhai Patel / |
| 260 ## - PUBLICATION, DISTRIBUTION, ETC. (IMPRINT) | |
| Place of publication, distribution, etc | New Delhi |
| Name of publisher, distributor, etc | Allied Publishers |
| Date of publication, distribution, etc | 1995 |
| 270 ## - ADDRESS | |
| City | New Delhi |
| Address | 13/14 Asaf Ali Road |
| Postal code | 110002 |
| 300 ## - PHYSICAL DESCRIPTION | |
| Extent | xxi,328p. : |
| Dimensions | 21cm(Hb) |
| Other physical details | ill. |
| 500 ## - GENERAL NOTE | |
| General note | Includes bibliographical references and index<br/><br/> |
| 650 ## - SUBJECT ADDED ENTRY--TOPICAL TERM | |
| Topical term or geographic name as entry element | Patel, Vallabhbhai, -- 1875-1950 |
| 9 (RLIN) | 27384 |
| 650 ## - SUBJECT ADDED ENTRY--TOPICAL TERM | |
| Topical term or geographic name as entry element | Statesmen -- India -- Biography |
| 9 (RLIN) | 10868 |
| 942 ## - ADDED ENTRY ELEMENTS (KOHA) | |
| Source of classification or shelving scheme | Dewey Decimal Classification |
| Koha item type | English Books |
| Classification part | 921 |
| Call number suffix | CHO |
| Withdrawn status | Lost status | Damaged status | Not for loan | Home library | Current library | Date acquired | Source of acquisition | Cost, normal purchase price | Total Checkouts | Full call number | Barcode | Date last seen | Copy number | Cost, replacement price | Price effective from | Koha item type | Source of classification or shelving scheme | Collection code | Total Renewals | Date checked out |
|---|---|---|---|---|---|---|---|---|---|---|---|---|---|---|---|---|---|---|---|---|
| Central Library | Central Library | 08/07/2015 | Cen Lib/Ret | 0.00 | 921 CHO | A-728381 | 08/07/2015 | 1 | 0.00 | 08/07/2015 | English Books | |||||||||
| Patel Nagar | Patel Nagar | 29/06/2018 | BPPD/Pub | 0.00 | 921 CHO | A-728382 | 29/06/2018 | 0.00 | 29/06/2018 | English Books | Dewey Decimal Classification | Non-fiction | ||||||||
| Shahdara Branch | Shahdara Branch | 22/05/2018 | BPPD/PUB | 0.00 | 4 | 921 CHO | A-728385 | 05/07/2023 | 0.00 | 22/05/2018 | English Books | Dewey Decimal Classification | Non-fiction | 1 | 26/06/2023 |
